1000 1553 1722 1124 1301 1202 1693 1377 1874 1637 1240 1238 1516 1871 1575 1314 1781 1916 1573 1858 1638 1629 1732 1393 1056 1739 1157 1457 1513 1806 1088 1663 1988 1372 1619 1435 1290 1588 1069 1628 1012 1423 1343 1844 1207 1944 1770 1165 1185 1317 1767 1061 1817 1079 1631 1011 1073 1814 1314 1273 1307 1819 1823 1835 1521 1812 1905 1346 1523 1607 1132 1798 1052 1623 1269 1889 1112 1654 1691 1944 1641 1500 1629 1266 1271 1307 1490 1611 1717 1909 1129 1563 1504 1176 1706 1407 1876 1893 1754 BCNSPRNW ULIB Ver.6.0+V

เปลี่ยนเป็นภาษาไทย

Change to English
 แสดงรายละเอียดบรรณานุกรม
  กลับหน้าหลัก

Brief Record : Get Marc (ISO 2709) : E-mail record : QR code < ปิดหน้าต่าง
LEADER : 00000nam 2200000uu 4500
001    13399112333
003     ULIB
008    110627s||||||||th 000 0 tha d
020    9786160603619
090    นว.^bล711K มปป.
100 0  ลูกชุบ
245 00 Katrina obsession...รักติดชนวนร้าย/^cลูกชุบ
260    กรุงเทพฯ :^bแจ่มใส,^cมปป.
300    319 หน้า
710 1  แจ่มใส
945    ^p219^l0^i030395
995    ทศพร
999 ^a ใช้งานได้ทุกระบบ
รายการนี้ยังไม่มีแท็ก
คุณยังไม่ได้ล็อกอิน คุณสามารถมีกิจกรรมร่วมกับเว็บไซต์ได้ แต่ต้องล็อกอินก่อน ::
  ล็อกอิน

รายการสื่อสารสนเทศ

ลำดับที่ ประเภท เลขเรียก/บาร์โค้ด สถานที่ สถานะ
- ไม่พบข้อมูล -

รายการใกล้เคียง
    ผู้แต่ง [ลูกชุบ]

BibComment


ยังไม่เคยถูกคอมเมนท์

คอมเมนท์ทรัพยากรรายการนี้
  คอมเมนท์: Katrina obsession..


 Copyright 2026. Bcnsprnw @Library